UBT Library

The Bedford handbook / (Record no. 41677)

000 -LEADER
fixed length control field 00822cam a2200253 a 4500
001 - CONTROL NUMBER
control field 13824032
005 - DATE AND TIME OF LATEST TRANSACTION
control field 20180202081212.0
008 - FIXED-LENGTH DATA ELEMENTS--GENERAL INFORMATION
fixed length control field 041223s2006 maua f 001 0 eng
010 ## - LIBRARY OF CONGRESS CONTROL NUMBER
LC control number 2004118170
020 ## - INTERNATIONAL STANDARD BOOK NUMBER
International Standard Book Number 0312419325 (hardcover student ed.)
020 ## - INTERNATIONAL STANDARD BOOK NUMBER
International Standard Book Number 0312443374 (instructor's annotated ed.)
020 ## - INTERNATIONAL STANDARD BOOK NUMBER
International Standard Book Number 0312419333 (pbk. student ed.)
040 ## - CATALOGING SOURCE
Original cataloging agency DLC
Transcribing agency DLC
Modifying agency DLC
041 ## - LANGUAGE CODE
Language code of text/sound track or separate title eng
080 ## - UNIVERSAL DECIMAL CLASSIFICATION NUMBER
Universal Decimal Classification number 808.042 HAC
082 00 - DEWEY DECIMAL CLASSIFICATION NUMBER
Classification number 808.042 HAC
Edition number 22
100 1# - Rafti
Rafti 47
101 ## - Shkurtesa
Shkurtesa EDU
245 14 - TITLE STATEMENT
Title The Bedford handbook /
Statement of responsibility, etc Diana Hacker.
906 ## - LOCAL DATA ELEMENT F, LDF (RLIN)
a 7
b cbc
c origcop
d 1
e epcn
f 20
g y-gencatlg
942 ## - ADDED ENTRY ELEMENTS (KOHA)
Source of classification or shelving scheme
Item type Books
Holdings
Withdrawn status Lost status Source of classification or shelving scheme Damaged status Not for loan Collection code Permanent location Current location Shelving location Date acquired Total Checkouts Full call number Barcode Date last seen Price effective from Koha item type
          Koleksioni i përgjithshem UBT - Lipjan UBT - Lipjan Koleksioni i përgjithshem 02/02/2018   808.042 HAC 002-2997450 02/02/2018 02/02/2018 Books
UBT Library © 2015-2024. All rights reserved University Education for Business and Technology